[Event "Maisonneuve mem op"]
[Site "Gatineau CAN"]
[Date "2009.10.27"]
[Round "3"]
[White "Dagenais, Benoit"]
[Black "Thibault, David"]
[Result "1/2-1/2"]
[WhiteElo "1141"]
[BlackElo "1657"]
[PlyCount "86"]
[GameId "2160767910096389"]
[EventDate "2009.10.13"]
[EventType "swiss"]
[EventRounds "5"]
[EventCountry "CAN"]
[SourceTitle "EXT 2011"]
[Source "ChessBase"]
[SourceDate "2011.11.26"]
[SourceVersion "1"]
[SourceVersionDate "2011.11.26"]
[SourceQuality "1"]

1. e4 Nf6 2. Nc3 d5 3. exd5 Nxd5 4. Nge2 Nxc3 5. Nxc3 g6 6. Bc4 Bg7 7. Ne2 O-O 8. d3 Nc6 9. c3 Ne5 10. b3 Nxc4 11. bxc4 Bf5 12. d4 c5 13. O-O Qc7 14. d5 Rfd8 15. Bb2 e6 16. Ng3 Be5 17. Qf3 Bxg3 18. fxg3 exd5 19. cxd5 c4 20. Kh1 Bd3 21. Rf2 Qd7 22. Bc1 Qxd5 23. Qf6 Rd6 24. Qe7 Rd7 25. Qf6 Rd6 26. Qe7 Qe6 27. Qxe6 Rxe6 28. Bh6 Rae8 29. h3 Re2 30. Raf1 Rxf2 31. Rxf2 Re2 32. Rxe2 Bxe2 33. Kg1 f6 34. Be3 a5 35. g4 b5 36. a3 Kf7 37. Kf2 Bd3 38. h4 Ke6 39. Bb6 a4 40. Ke3 Kd5 41. Bd4 f5 42. gxf5 Bxf5 43. g3 h5 1/2-1/2

[Event "Maisonneuve mem op"]
[Site "Gatineau CAN"]
[Date "2009.10.27"]
[Round "3"]
[White "Danilov, Alex"]
[Black "Thibault, Mario"]
[Result "0-1"]
[WhiteElo "1868"]
[BlackElo "1669"]
[PlyCount "58"]
[GameId "2160767910096390"]
[EventDate "2009.10.13"]
[EventType "swiss"]
[EventRounds "5"]
[EventCountry "CAN"]
[SourceTitle "EXT 2011"]
[Source "ChessBase"]
[SourceDate "2011.11.26"]
[SourceVersion "1"]
[SourceVersionDate "2011.11.26"]
[SourceQuality "1"]

1. e4 c5 2. Nf3 g6 3. d4 cxd4 4. Nxd4 Nc6 5. Nc3 Bg7 6. Be3 Nf6 7. Bc4 Qa5 8. O-O O-O 9. Bb3 d6 10. h3 Nd7 11. Nd5 Re8 12. Bd2 Qd8 13. Nb5 Rb8 14. c3 a6 15. Na3 Nc5 16. Bc2 b5 17. b4 Nd7 18. f4 Nb6 19. Qf3 e6 20. Nxb6 Qxb6+ 21. Be3 Qc7 22. Bf2 Bb7 23. Rad1 Rbc8 24. Qd3 d5 25. exd5 exd5 26. Kh1 d4 27. Bxd4 Bxd4 28. f5 Re3 29. Qd2 Rxh3+ 0-1

[Event "Maisonneuve mem op"]
[Site "Gatineau CAN"]
[Date "2009.10.27"]
[Round "3"]
[White "Desjardins, Michel"]
[Black "Groleau, Gilles"]
[Result "1/2-1/2"]
[WhiteElo "1900"]
[BlackElo "1864"]
[PlyCount "91"]
[GameId "2160767910096391"]
[EventDate "2009.10.13"]
[EventType "swiss"]
[EventRounds "5"]
[EventCountry "CAN"]
[SourceTitle "EXT 2011"]
[Source "ChessBase"]
[SourceDate "2011.11.26"]
[SourceVersion "1"]
[SourceVersionDate "2011.11.26"]
[SourceQuality "1"]

1. e4 c5 2. Nc3 e6 3. g3 d5 4. exd5 exd5 5. d4 cxd4 6. Qxd4 Nf6 7. Be3 Nc6 8. Qa4 Bb4 9. Nge2 Qa5 10. Qxa5 Bxa5 11. O-O-O Be6 12. Bg2 O-O-O 13. Bg5 Rhe8 14. Bf3 Bb6 15. Nf4 Bxf2 16. Bxf6 gxf6 17. Ncxd5 Ne5 18. Bg2 f5 19. Rd2 Bc5 20. b4 Bf8 21. Rhd1 Bh6 22. Nf6 Rxd2 23. Rxd2 Rh8 24. Kb1 Ng6 25. N6h5 b6 26. Re2 Bc4 27. Re1 Rd8 28. Bh3 Nxf4 29. Nxf4 Bxf4 30. Bxf5+ Be6 31. Bxe6+ fxe6 32. gxf4 Rd4 33. Rxe6 Rxb4+ 34. Kc1 Rxf4 35. Rh6 Rf7 36. Kb2 Kb7 37. h4 Ka6 38. c4 Ka5 39. Kb3 Rf3+ 40. Kc2 Rf2+ 41. Kd3 Rxa2 42. Rxh7 Kb4 43. h5 Rh2 44. Rxa7 Rh3+ 45. Kd4 Rxh5 46. Rb7 1/2-1/2

[Event "Maisonneuve mem op"]
[Site "Gatineau CAN"]
[Date "2009.10.27"]
[Round "3"]
[White "Lacourse, Guy"]
[Black "Levesque, Andre"]
[Result "1-0"]
[WhiteElo "1693"]
[BlackElo "1307"]
[PlyCount "43"]
[GameId "2160767910096392"]
[EventDate "2009.10.13"]
[EventType "swiss"]
[EventRounds "5"]
[EventCountry "CAN"]
[SourceTitle "EXT 2011"]
[Source "ChessBase"]
[SourceDate "2011.11.26"]
[SourceVersion "1"]
[SourceVersionDate "2011.11.26"]
[SourceQuality "1"]

1. d4 f5 2. e4 fxe4 3. Nc3 Nf6 4. Bg5 c6 5. Bxf6 exf6 6. Nxe4 d5 7. Nd2 Bd6 8. Ngf3 O-O 9. Be2 Nd7 10. O-O Nb6 11. a4 a5 12. c4 dxc4 13. Nxc4 Bc7 14. Nxb6 Bxb6 15. Qb3+ Kh8 16. Rad1 Bg4 17. d5 c5 18. d6 Bh5 19. Bc4 Be8 20. Nh4 f5 21. Qg3 Bxa4 22. Ng6+ 1-0

[Event "Maisonneuve mem op"]
[Site "Gatineau CAN"]
[Date "2009.10.27"]
[Round "3"]
[White "MacIsaac, Alexandre"]
[Black "Jiang, Qizhe"]
[Result "1-0"]
[WhiteElo "1545"]
[BlackElo "1146"]
[PlyCount "43"]
[GameId "2160767910096394"]
[EventDate "2009.10.13"]
[EventType "swiss"]
[EventRounds "5"]
[EventCountry "CAN"]
[SourceTitle "EXT 2011"]
[Source "ChessBase"]
[SourceDate "2011.11.26"]
[SourceVersion "1"]
[SourceVersionDate "2011.11.26"]
[SourceQuality "1"]

1. e4 e5 2. Nf3 Nc6 3. Bb5 a6 4. Ba4 Nf6 5. O-O Be7 6. Re1 d6 7. c3 b5 8. Bb3 Na5 9. Bc2 c5 10. d4 cxd4 11. cxd4 Qc7 12. dxe5 dxe5 13. Bg5 O-O 14. Nbd2 Rd8 15. Qc1 Bb4 16. Rd1 Bg4 17. Nb3 Rxd1+ 18. Qxd1 Bxf3 19. gxf3 Rc8 20. Rc1 Nxb3 21. Bxb3 Qxc1 22. Bxc1 1-0

[Event "Maisonneuve mem op"]
[Site "Gatineau CAN"]
[Date "2009.10.27"]
[Round "3"]
[White "Menard, Marc"]
[Black "Berthiaume, Serge"]
[Result "1/2-1/2"]
[WhiteElo "1495"]
[BlackElo "1326"]
[PlyCount "92"]
[GameId "2160767910096395"]
[EventDate "2009.10.13"]
[EventType "swiss"]
[EventRounds "5"]
[EventCountry "CAN"]
[SourceTitle "EXT 2011"]
[Source "ChessBase"]
[SourceDate "2011.11.26"]
[SourceVersion "1"]
[SourceVersionDate "2011.11.26"]
[SourceQuality "1"]

1. e4 e6 2. d4 d5 3. Nc3 Bb4 4. e5 c5 5. a3 cxd4 6. axb4 dxc3 7. bxc3 Qc7 8. Qd4 Nc6 9. Bb5 a6 10. Bxc6+ Qxc6 11. Ne2 Bd7 12. O-O Qc7 13. f4 Ne7 14. Be3 Bb5 15. Rfe1 Nf5 16. Qc5 Qxc5 17. Bxc5 Kd7 18. Nd4 Nxd4 19. cxd4 h5 20. Re3 Rag8 21. Rc3 g5 22. Bd6 Bc6 23. fxg5 Rxg5 24. Rf1 Rh7 25. Rf4 Rhg7 26. Rg3 h4 27. Rxg5 Rxg5 28. c3 Rh5 29. Rf3 Rf5 30. Rxf5 exf5 31. Kf2 Ba4 32. Ke3 Bd1 33. Kf4 Ke6 34. Kg5 Be2 35. g3 hxg3 36. hxg3 Bg4 37. Kh6 Bf3 38. Kg7 Bh5 39. Kf8 Bg6 40. Ke8 f6+ 41. Kd8 fxe5 42. Bxe5 Bh5 43. Kc7 Be2 44. Kxb7 Bd3 45. Kb6 Bb5 46. Kc5 Bd3 1/2-1/2

[Event "Maisonneuve mem op"]
[Site "Gatineau CAN"]
[Date "2009.10.27"]
[Round "3"]
[White "Richard, Georges"]
[Black "Scantland, Patrick"]
[Result "0-1"]
[WhiteElo "1773"]
[BlackElo "1751"]
[PlyCount "80"]
[GameId "2160767910096396"]
[EventDate "2009.10.13"]
[EventType "swiss"]
[EventRounds "5"]
[EventCountry "CAN"]
[SourceTitle "EXT 2011"]
[Source "ChessBase"]
[SourceDate "2011.11.26"]
[SourceVersion "1"]
[SourceVersionDate "2011.11.26"]
[SourceQuality "1"]

1. d4 Nf6 2. c4 e6 3. Nc3 d5 4. Nf3 Be7 5. Bf4 c6 6. Qc2 Nbd7 7. e4 dxe4 8. Nxe4 Nxe4 9. Qxe4 Bb4+ 10. Bd2 Bxd2+ 11. Nxd2 Qa5 12. Qe3 O-O 13. Bd3 Nf6 14. O-O Bd7 15. a3 Rfe8 16. Nf3 Qh5 17. Ne5 Rad8 18. Be2 Qh4 19. Bf3 Bc8 20. Rad1 Nd7 21. g3 Qe7 22. b4 f6 23. Nd3 Nb6 24. Rc1 e5 25. dxe5 fxe5 26. Rfe1 Nd7 27. Qxa7 Qf6 28. Be4 Nf8 29. b5 Ne6 30. bxc6 bxc6 31. Bxc6 Re7 32. Qe3 Ng5 33. h4 Nh3+ 34. Kg2 Qxc6+ 35. Kh2 Qf6 36. Rf1 Qf5 37. Nb4 Bb7 38. c5 Bf3 39. c6 Rc7 40. Qb6 Nf4 0-1

[Event "Maisonneuve mem op"]
[Site "Gatineau CAN"]
[Date "2009.11.03"]
[Round "4"]
[White "Arsenault, Michel"]
[Black "Desjardins, Michel"]
[Result "0-1"]
[WhiteElo "1923"]
[BlackElo "1900"]
[PlyCount "120"]
[GameId "2160767910096397"]
[EventDate "2009.10.13"]
[EventType "swiss"]
[EventRounds "5"]
[EventCountry "CAN"]
[SourceTitle "EXT 2011"]
[Source "ChessBase"]
[SourceDate "2011.11.26"]
[SourceVersion "1"]
[SourceVersionDate "2011.11.26"]
[SourceQuality "1"]

1. Nf3 d5 2. c4 d4 3. g3 g6 4. Bg2 Bg7 5. d3 c5 6. b4 cxb4 7. O-O Nc6 8. a3 bxa3 9. Bxa3 Nh6 10. Nbd2 O-O 11. Qa4 Bd7 12. Rab1 Rb8 13. Rb2 Re8 14. Rfb1 b6 15. Ne1 Qc7 16. Qd1 Na5 17. Nc2 Ba4 18. Qc1 Bxc2 19. Qxc2 Rec8 20. Ne4 Bf8 21. Bh3 e6 22. Bxf8 Kxf8 23. Qd2 Kg7 24. c5 Nc6 25. Qg5 Ng8 26. f4 h6 27. Qh4 bxc5 28. Nxc5 Rxb2 29. Rxb2 Nce7 30. Rc2 Qa5 31. Nxe6+ fxe6 32. Rxc8 Nxc8 33. f5 exf5 34. Qxd4+ Nf6 35. e4 Qb6 36. Qxb6 Nxb6 37. exf5 g5 38. Kf2 a5 39. Ke1 g4 40. Bf1 Nfd5 41. Be2 Ne3 42. Kd2 Nbd5 43. h3 gxh3 44. Bf3 Kf6 45. g4 Ke5 46. Kc1 Ng2 47. Kb2 Ndf4 48. d4+ Kxd4 49. f6 Ke5 50. f7 Ng6 51. Kb3 Kf4 52. Bd5 Kg3 53. Ka4 h2 54. Kxa5 h1=Q 55. Kb6 Qc1 56. Bc6 Kxg4 57. Kc7 h5 58. Kd7 Qxc6+ 59. Kxc6 h4 60. Kd6 h3 0-1

[Event "Maisonneuve mem op"]
[Site "Gatineau CAN"]
[Date "2009.11.03"]
[Round "4"]
[White "Beriault, Silvain"]
[Black "Charland, Roger"]
[Result "1-0"]
[WhiteElo "1703"]
[BlackElo "1512"]
[PlyCount "39"]
[GameId "2160767910096398"]
[EventDate "2009.10.13"]
[EventType "swiss"]
[EventRounds "5"]
[EventCountry "CAN"]
[SourceTitle "EXT 2011"]
[Source "ChessBase"]
[SourceDate "2011.11.26"]
[SourceVersion "1"]
[SourceVersionDate "2011.11.26"]
[SourceQuality "1"]

1. d4 d5 2. c4 dxc4 3. Nf3 Nf6 4. Nc3 e6 5. e3 Bb4 6. Bxc4 Ne4 7. Qc2 Nf6 8. a3 Bxc3+ 9. Qxc3 Nbd7 10. O-O O-O 11. b4 c6 12. a4 Qc7 13. Bb2 Re8 14. Rfd1 Rb8 15. Bb3 b6 16. Rac1 Bb7 17. Nd2 Ng4 18. g3 h5 19. d5 Ndf6 20. dxc6 1-0

[Event "Maisonneuve mem op"]
[Site "Gatineau CAN"]
[Date "2009.11.03"]
[Round "4"]
[White "Berthiaume, Serge"]
[Black "Jiang, Qizhe"]
[Result "1-0"]
[WhiteElo "1326"]
[BlackElo "1146"]
[PlyCount "73"]
[GameId "2160767910096399"]
[EventDate "2009.10.13"]
[EventType "swiss"]
[EventRounds "5"]
[EventCountry "CAN"]
[SourceTitle "EXT 2011"]
[Source "ChessBase"]
[SourceDate "2011.11.26"]
[SourceVersion "1"]
[SourceVersionDate "2011.11.26"]
[SourceQuality "1"]

1. d4 Nf6 2. Bf4 g6 3. Nf3 Bg7 4. Nc3 O-O 5. Qd2 d5 6. Bh6 Nc6 7. Bxg7 Kxg7 8. O-O-O Bf5 9. Nh4 Qd7 10. Nxf5+ Qxf5 11. e3 Ng4 12. f3 Nf6 13. Bd3 Qd7 14. f4 e6 15. a3 a6 16. Be2 Ne8 17. g4 f5 18. h4 Nd6 19. h5 Ne7 20. Rdg1 Rg8 21. gxf5 exf5 22. hxg6 Nxg6 23. Bh5 Kf8 24. Nxd5 Ne4 25. Qb4+ c5 26. Qb3 Qc6 27. Nc3 cxd4 28. exd4 Ng3 29. d5 Qd6 30. Rh3 Qxf4+ 31. Kb1 Nxh5 32. Rxh5 b5 33. Rxh7 Rg7 34. Rxg7 Kxg7 35. Ne2 Qf2 36. Qc3+ Kf8 37. Qf6+ 1-0

[Event "Maisonneuve mem op"]
[Site "Gatineau CAN"]
[Date "2009.11.03"]
[Round "4"]
[White "Brine, Derek"]
[Black "Rainey, Ivan"]
[Result "0-1"]
[WhiteElo "1090"]
[BlackElo "1413"]
[PlyCount "60"]
[GameId "2160767910096400"]
[EventDate "2009.10.13"]
[EventType "swiss"]
[EventRounds "5"]
[EventCountry "CAN"]
[SourceTitle "EXT 2011"]
[Source "ChessBase"]
[SourceDate "2011.11.26"]
[SourceVersion "1"]
[SourceVersionDate "2011.11.26"]
[SourceQuality "1"]

1. d4 Nf6 2. c4 g6 3. Nc3 Bg7 4. e4 d6 5. Nf3 O-O 6. Bd3 e5 7. O-O Ne8 8. Re1 exd4 9. Nxd4 Bxd4 10. Ne2 Nc6 11. Nxd4 Nxd4 12. b3 c5 13. Bb2 Nc7 14. a4 Nce6 15. e5 dxe5 16. Rxe5 b6 17. Be4 Rb8 18. Bc1 Bb7 19. Bxb7 Rxb7 20. Ra2 Nxb3 21. Qxb3 Rd7 22. Rd5 Rxd5 23. cxd5 Nd4 24. Qc4 Re8 25. Be3 Re5 26. Rd2 Qxd5 27. Qxd5 Rxd5 28. Bxd4 Rxd4 29. Rxd4 cxd4 30. Kf1 Kg7 0-1

[Event "Maisonneuve mem op"]
[Site "Gatineau CAN"]
[Date "2009.11.03"]
[Round "4"]
[White "Dagenais, Benoit"]
[Black "Szalay, Karoly"]
[Result "0-1"]
[WhiteElo "1141"]
[BlackElo "2193"]
[PlyCount "70"]
[GameId "2160767910096401"]
[EventDate "2009.10.13"]
[EventType "swiss"]
[EventRounds "5"]
[EventCountry "CAN"]
[SourceTitle "EXT 2011"]
[Source "ChessBase"]
[SourceDate "2011.11.26"]
[SourceVersion "1"]
[SourceVersionDate "2011.11.26"]
[SourceQuality "1"]

1. a3 d5 2. c4 dxc4 3. e3 b5 4. Qf3 c6 5. Nc3 Nf6 6. h3 e5 7. Nge2 Bb7 8. Ng3 a6 9. Nge4 Nd5 10. Qf5 Nd7 11. Ng5 Qe7 12. Nce4 f6 13. Nxh7 O-O-O 14. Nxf8 Rdxf8 15. Be2 c5 16. a4 g6 17. Qxg6 Rfg8 18. Qf5 Kb8 19. axb5 axb5 20. O-O N7b6 21. Ng3 Rg5 22. Qb1 Nf4 23. exf4 exf4 24. f3 Rxg3 25. Rf2 Rhg8 26. Qf5 Rxg2+ 27. Rxg2 Rxg2+ 28. Kxg2 Qxe2+ 29. Kg1 Qe1+ 30. Kg2 Qg3+ 31. Kf1 Qxf3+ 32. Ke1 Qh1+ 33. Ke2 Qg2+ 34. Ke1 Qg1+ 35. Ke2 f3+ 0-1

[Event "Maisonneuve mem op"]
[Site "Gatineau CAN"]
[Date "2009.11.03"]
[Round "4"]
[White "Guimond, Michel"]
[Black "Groleau, Gilles"]
[Result "0-1"]
[WhiteElo "1960"]
[BlackElo "1864"]
[PlyCount "58"]
[GameId "2160767910096402"]
[EventDate "2009.10.13"]
[EventType "swiss"]
[EventRounds "5"]
[EventCountry "CAN"]
[SourceTitle "EXT 2011"]
[Source "ChessBase"]
[SourceDate "2011.11.26"]
[SourceVersion "1"]
[SourceVersionDate "2011.11.26"]
[SourceQuality "1"]

1. e4 c5 2. Nf3 e6 3. d4 cxd4 4. Nxd4 a6 5. Be3 Nc6 6. c3 Nf6 7. Nd2 Qc7 8. f4 b5 9. Bd3 Bb7 10. O-O Rc8 11. g4 h5 12. g5 Ng4 13. Qe2 Nxe3 14. Qxe3 e5 15. fxe5 Nxe5 16. Bc2 g6 17. h3 Bg7 18. Bb3 O-O 19. Rf4 Nc4 20. Qf2 Be5 21. Rf3 Qc5 22. Rf1 Bxd4 23. cxd4 Qxg5+ 24. Rg3 Qxd2 25. Rxg6+ Kh7 26. Rg7+ Kxg7 27. Qf6+ Kg8 28. Rf5 Rc6 29. Qe7 Rg6+ 0-1

[Event "Maisonneuve mem op"]
[Site "Gatineau CAN"]
[Date "2009.11.03"]
[Round "4"]
[White "Levesque, Andre"]
[Black "Danilov, Alex"]
[Result "0-1"]
[WhiteElo "1307"]
[BlackElo "1868"]
[PlyCount "56"]
[GameId "2160767910096403"]
[EventDate "2009.10.13"]
[EventType "swiss"]
[EventRounds "5"]
[EventCountry "CAN"]
[SourceTitle "EXT 2011"]
[Source "ChessBase"]
[SourceDate "2011.11.26"]
[SourceVersion "1"]
[SourceVersionDate "2011.11.26"]
[SourceQuality "1"]

1. e4 e5 2. Nf3 d6 3. Nc3 Nf6 4. d4 Nbd7 5. Bc4 Be7 6. O-O O-O 7. b3 c6 8. Bb2 Qc7 9. d5 Nb6 10. Bd3 Ne8 11. a4 cxd5 12. Nxd5 Nxd5 13. exd5 f5 14. Bc4 f4 15. Nd2 Kh8 16. f3 Bf5 17. Ne4 Rc8 18. Bc3 a6 19. Be1 h6 20. h4 Nf6 21. Nxf6 Bxf6 22. Rc1 Qe7 23. h5 Qe8 24. Bd3 Qxh5 25. c4 Rfe8 26. Qc2 Bxd3 27. Qxd3 b5 28. axb5 axb5 0-1

[Event "Maisonneuve mem op"]
[Site "Gatineau CAN"]
[Date "2009.11.03"]
[Round "4"]
[White "MacIsaac, Alexandre"]
[Black "Thibault, David"]
[Result "0-1"]
[WhiteElo "1545"]
[BlackElo "1657"]
[PlyCount "62"]
[GameId "2160767910096404"]
[EventDate "2009.10.13"]
[EventType "swiss"]
[EventRounds "5"]
[EventCountry "CAN"]
[SourceTitle "EXT 2011"]
[Source "ChessBase"]
[SourceDate "2011.11.26"]
[SourceVersion "1"]
[SourceVersionDate "2011.11.26"]
[SourceQuality "1"]

1. e4 e5 2. Nf3 Nc6 3. Bb5 Bc5 4. Nxe5 Bxf2+ 5. Kxf2 Nxe5 6. d4 Qh4+ 7. g3 Qf6+ 8. Bf4 Ng6 9. Qd2 Nxf4 10. gxf4 Qh4+ 11. Kf1 c6 12. Bd3 d5 13. Qf2 Qh3+ 14. Ke1 dxe4 15. Bxe4 Nf6 16. Bg2 Qf5 17. Kd2 O-O 18. Nc3 Be6 19. Rae1 Rac8 20. Re5 Ng4 21. Qh4 Qxf4+ 22. Ke1 Qc1+ 23. Nd1 Nxe5 24. dxe5 Rcd8 25. Bf3 Qxc2 26. Nc3 Qxb2 27. Be4 Qxc3+ 28. Ke2 Rd2+ 29. Kf1 Bc4+ 30. Kg1 Qc1+ 31. Qe1 Qxe1# 0-1

[Event "Maisonneuve mem op"]
[Site "Gatineau CAN"]
[Date "2009.11.03"]
[Round "4"]
[White "Richard, Georges"]
[Black "Arsenault, Yves"]
[Result "0-1"]
[WhiteElo "1773"]
[BlackElo "1450"]
[PlyCount "100"]
[GameId "2160767910096405"]
[EventDate "2009.10.13"]
[EventType "swiss"]
[EventRounds "5"]
[EventCountry "CAN"]
[SourceTitle "EXT 2011"]
[Source "ChessBase"]
[SourceDate "2011.11.26"]
[SourceVersion "1"]
[SourceVersionDate "2011.11.26"]
[SourceQuality "1"]

1. d4 Nf6 2. c4 e6 3. Nc3 Bb4 4. Qc2 Nc6 5. Nf3 d5 6. Bg5 h6 7. cxd5 exd5 8. Bd2 Bg4 9. e3 O-O 10. Be2 Re8 11. O-O a6 12. Rac1 Bd6 13. a3 Ne7 14. e4 dxe4 15. Nxe4 Ned5 16. Nxd6 Qxd6 17. Rfe1 Re7 18. Ne5 Bxe2 19. Rxe2 Ng4 20. Qf5 Nxe5 21. dxe5 Qe6 22. Qxe6 Rxe6 23. f4 Rae8 24. Rce1 f6 25. Kf2 fxe5 26. Rxe5 Rxe5 27. Rxe5 Rxe5 28. fxe5 Kf7 29. Kf3 Ke6 30. Ke4 c5 31. h4 h5 32. g3 b5 33. Ba5 Ne7 34. Bc3 Nf5 35. Kf4 g6 36. Kg5 Ne7 37. g4 hxg4 38. Kxg4 Kf7 39. Kg5 Ke6 40. Kf4 Kf7 41. Ke4 Ke6 42. Be1 Nc6 43. Bc3 a5 44. Kf4 b4 45. axb4 axb4 46. Be1 Nxe5 47. Bg3 Nd3+ 48. Kg5 Kf7 49. b3 c4 50. bxc4 b3 0-1

[Event "Maisonneuve mem op"]
[Site "Gatineau CAN"]
[Date "2009.11.03"]
[Round "4"]
[White "Rose, Richard1"]
[Black "Lacourse, Guy"]
[Result "1-0"]
[WhiteElo "1775"]
[BlackElo "1693"]
[PlyCount "83"]
[GameId "2160767910096406"]
[EventDate "2009.10.13"]
[EventType "swiss"]
[EventRounds "5"]
[EventCountry "CAN"]
[SourceTitle "EXT 2011"]
[Source "ChessBase"]
[SourceDate "2011.11.26"]
[SourceVersion "1"]
[SourceVersionDate "2011.11.26"]
[SourceQuality "1"]

1. e4 c5 2. Nf3 e6 3. d4 cxd4 4. Nxd4 Nf6 5. Bd3 Nc6 6. Be3 Ne5 7. O-O Nxd3 8. Qxd3 a6 9. c4 e5 10. Nf3 d6 11. h3 b6 12. Nc3 Bb7 13. Rad1 Bc6 14. Rfe1 Qc7 15. b3 Be7 16. Rc1 O-O 17. Nd5 Bxd5 18. cxd5 Qb7 19. Rc6 Nd7 20. b4 Rfd8 21. Rec1 Rab8 22. Bxb6 Nxb6 23. Rc7 Qa8 24. Rxe7 Rb7 25. Rcc7 Rxc7 26. Rxc7 Rc8 27. Qc3 Qb8 28. Rxc8+ Qxc8 29. Qxc8+ Nxc8 30. a4 Kf8 31. Kf1 Ke7 32. Ke2 h6 33. Nd2 Kd7 34. Nc4 Kc7 35. Kd3 Na7 36. Na5 Kb6 37. Kc4 Nc8 38. Nc6 Na7 39. a5+ Kb7 40. Nxa7 Kxa7 41. b5 Kb8 42. bxa6 1-0

[Event "Maisonneuve mem op"]
[Site "Gatineau CAN"]
[Date "2009.11.03"]
[Round "4"]
[White "Scantland, Patrick"]
[Black "Thibault, Mario"]
[Result "1/2-1/2"]
[WhiteElo "1751"]
[BlackElo "1669"]
[PlyCount "72"]
[GameId "2160767910096408"]
[EventDate "2009.10.13"]
[EventType "swiss"]
[EventRounds "5"]
[EventCountry "CAN"]
[SourceTitle "EXT 2011"]
[Source "ChessBase"]
[SourceDate "2011.11.26"]
[SourceVersion "1"]
[SourceVersionDate "2011.11.26"]
[SourceQuality "1"]

1. d4 Nf6 2. c4 e6 3. Nc3 Bb4 4. e3 b6 5. Bd3 Bb7 6. Nf3 Bxc3+ 7. bxc3 O-O 8. Qc2 Bxf3 9. gxf3 Qe7 10. e4 e5 11. Bg5 d6 12. Rg1 Re8 13. h4 Qe6 14. d5 Qe7 15. Bf1 Kh8 16. Qd2 Nbd7 17. Bh3 Rg8 18. h5 Qe8 19. Bg4 Nxg4 20. fxg4 f6 21. Be3 Nc5 22. Bxc5 bxc5 23. Rb1 Rb8 24. Ke2 Qd7 25. f3 Rb6 26. Rxb6 cxb6 27. Kd3 Qa4 28. Qc2 Qd7 29. Rb1 Rb8 30. a4 a5 31. Rb5 Kg8 32. Qh2 Kf8 33. Qh4 h6 34. Qf2 Ke8 35. Qb2 Qc7 36. Qa2 Qd7 1/2-1/2

[Event "Maisonneuve mem op"]
[Site "Gatineau CAN"]
[Date "2009.11.10"]
[Round "5"]
[White "Arsenault, Yves"]
[Black "Charland, Roger"]
[Result "1-0"]
[WhiteElo "1450"]
[BlackElo "1512"]
[PlyCount "37"]
[GameId "2160767910096409"]
[EventDate "2009.10.13"]
[EventType "swiss"]
[EventRounds "5"]
[EventCountry "CAN"]
[SourceTitle "EXT 2011"]
[Source "ChessBase"]
[SourceDate "2011.11.26"]
[SourceVersion "1"]
[SourceVersionDate "2011.11.26"]
[SourceQuality "1"]

1. e4 e5 2. Nf3 Nc6 3. Bc4 Bc5 4. d3 Nf6 5. O-O d6 6. a3 Bg4 7. c3 a5 8. Nbd2 O-O 9. Qb3 a4 10. Qc2 d5 11. exd5 Nxd5 12. Re1 Re8 13. h3 Bf5 14. Ne4 Bxe4 15. dxe4 Nf4 16. Bxf4 exf4 17. e5 Kh8 18. Bxf7 Nxe5 19. Nxe5 1-0

[Event "Maisonneuve mem op"]
[Site "Gatineau CAN"]
[Date "2009.11.10"]
[Round "5"]
[White "Beland, Guy"]
[Black "Berthiaume, Serge"]
[Result "1-0"]
[WhiteElo "1399"]
[BlackElo "1326"]
[PlyCount "53"]
[GameId "2160767910096410"]
[EventDate "2009.10.13"]
[EventType "swiss"]
[EventRounds "5"]
[EventCountry "CAN"]
[SourceTitle "EXT 2011"]
[Source "ChessBase"]
[SourceDate "2011.11.26"]
[SourceVersion "1"]
[SourceVersionDate "2011.11.26"]
[SourceQuality "1"]

1. e4 e6 2. d4 d5 3. Nc3 Bb4 4. Bd3 c5 5. Nf3 Nc6 6. O-O cxd4 7. Nb5 dxe4 8. Bxe4 Nge7 9. Bf4 Ba5 10. Nd6+ Kf8 11. Ng5 Qd7 12. Ngxf7 e5 13. Nxe5 Nxe5 14. Bxe5 Nc6 15. Qf3+ Ke7 16. Nf5+ Kd8 17. Bxg7 Rg8 18. Bf6+ Kc7 19. Qf4+ Kb6 20. Rad1 Qe6 21. Rxd4 Nxd4 22. Bxd4+ Ka6 23. Bd3+ b5 24. g3 Bb7 25. Be3 Rac8 26. Bxb5+ Kxb5 27. Nd4+ 1-0

[Event "Maisonneuve mem op"]
[Site "Gatineau CAN"]
[Date "2009.11.10"]
[Round "5"]
[White "Dagenais, Benoit"]
[Black "Levesque, Andre"]
[Result "0-1"]
[WhiteElo "1141"]
[BlackElo "1307"]
[PlyCount "78"]
[GameId "2160767910096412"]
[EventDate "2009.10.13"]
[EventType "swiss"]
[EventRounds "5"]
[EventCountry "CAN"]
[SourceTitle "EXT 2011"]
[Source "ChessBase"]
[SourceDate "2011.11.26"]
[SourceVersion "1"]
[SourceVersionDate "2011.11.26"]
[SourceQuality "1"]

1. a3 g6 2. g3 Bg7 3. Bg2 Nf6 4. Nf3 O-O 5. O-O d6 6. d3 Nc6 7. c4 Bd7 8. Ra2 Re8 9. b4 a6 10. Bb2 Rb8 11. Nbd2 e5 12. e4 b5 13. Re1 Ne7 14. d4 exd4 15. Nxd4 Nc6 16. cxb5 axb5 17. N2b3 Ne5 18. Qc2 Nc4 19. Ba1 c6 20. Nd2 d5 21. Nxc4 dxc4 22. e5 Ng4 23. Nxc6 Bxc6 24. Bxc6 Re7 25. f4 Qb6+ 26. Kf1 Qxc6 27. h3 Qh1+ 28. Ke2 Qg2+ 29. Kd1 Nf2+ 30. Kc1 Nd3+ 31. Kd1 Qxc2+ 32. Rxc2 Nxe1 33. Kxe1 f6 34. Re2 Rd8 35. a4 bxa4 36. b5 fxe5 37. b6 e4 38. Bxg7 Kxg7 39. Rb2 Rb7 0-1